Independence From Whom: Africa - Map Quiz - Statistics

General Stats
  • This quiz has been taken 791 times
    306 since last reset
  • The average score is 51 of 54
Answers on the Map
Answers color-coded by a green-red scale on the quiz's map according to % correct below.
 
Answer Stats
Country Year Independence From % Correct
Algeria 1962 France
100%
Benin 1960 France
100%
Burkina Faso 1960 France
100%
Cameroon 1960 France
100%
Central African Republic 1960 France
100%
Chad 1960 France
100%
Comoros 1975 France
100%
Djibouti 1977 France
100%
Gabon 1960 France
100%
Guinea 1958 France
100%
Ivory Coast 1960 France
100%
Madagascar 1960 France
100%
Mali 1960 France
100%
Mauritania 1960 France
100%
Niger 1960 France
100%
Rep. of the Congo 1960 France
100%
Togo 1960 France
100%
Tunisia 1956 France
100%
Morocco 1956 France/Spain
100%
Libya 1951 France/United Kingdom
100%
Sudan 1956 Egypt/United Kingdom
99%
Somalia 1960 Italy/United Kingdom
99%
Botswana 1966 United Kingdom
98%
Egypt 1922 United Kingdom
98%
Eswatini 1968 United Kingdom
98%
Gambia 1965 United Kingdom
98%
Ghana 1957 United Kingdom
98%
Kenya 1963 United Kingdom
98%
Lesotho 1966 United Kingdom
98%
Malawi 1964 United Kingdom
98%
Mauritius 1968 United Kingdom
98%
Nigeria 1960 United Kingdom
98%
Seychelles 1976 United Kingdom
98%
Sierra Leone 1961 United Kingdom
98%
South Africa 1926 United Kingdom
98%
Tanzania 1961 United Kingdom
98%
Uganda 1962 United Kingdom
98%
Zambia 1964 United Kingdom
98%
Zimbabwe 1980 United Kingdom
98%
Angola 1975 Portugal
97%
Cape Verde 1975 Portugal
97%
Guinea-Bissau 1973 Portugal
97%
Mozambique 1975 Portugal
97%
São Tomé and Príncipe 1975 Portugal
97%
Burundi 1962 Belgium
95%
D. R. Congo 1960 Belgium
95%
Rwanda 1962 Belgium
95%
Equatorial Guinea 1968 Spain
95%
South Sudan 2011 Sudan
87%
Liberia 1847 United States
86%
Eritrea 1993 Ethiopia
85%
Namibia 1990 South Africa
75%
Senegal 1960 Mali Federation
50%
Ethiopia 1270~ Zagwe Dynasty
6%
No matching quizzes found
Score Distribution
Percent of People with Each Score
Percentile by Number Answered
Your Score History
You have not taken this quiz since the last reset